000 00304nam a2200109Ia 4500
008 220120s9999||||xx |||||||||||||| ||und||
100 _aBrey, Barry B
245 0 _aIntel microprocessors 8086/8088
260 _aPrenice hall of India
_bBangalore
_c2006
300 _aVIII, 227p.
_b115
650 _aMECHANICHAL
999 _c137102
_d137102